|
|
|
|
| LEADER |
01630nam a2200265 u 4500 |
| 001 |
10033806 |
| 003 |
GR-PaULI |
| 005 |
20241218134407.0 |
| 008 |
241218s1978 gr ad b gre d |
| 040 |
|
|
|a GR-PaULI
|c GR-PaULI
|b gre
|e AACR2
|
| 082 |
0 |
4 |
|a 338.149 5
|2 23
|
| 100 |
1 |
|
|a Παπαθανασίου, Χρ.
|e συγγραφέας.
|9 207234
|
| 245 |
1 |
3 |
|a Το σύστημα εμπορίας των οπωροκηπευτικών στην Ελλάδα /
|b
|c Χ. Παπαθανασίου, Ι. Καζάκος, Ε. Σγουράκη ; με θεωρητική ανάλυση από την Μ. Κωνσταντοπούλου.
|
| 260 |
|
|
|a Αθήνα :
|b Αγροτική Τράπεζα της Ελλάδος,
|c 1978.
|
| 300 |
|
|
|a xvi, 328 σ. :
|b εικ. ;
|c 24 εκ.
|
| 490 |
1 |
|
|a Μελέτες για την αγροτική οικονομία
|v 7
|
| 504 |
|
|
|a Περιλαμβάνει βιβλιογραφία.
|
| 650 |
|
4 |
|a Οπωροκηπευτικά
|x Βιομηχανία και εμπόριο
|z Ελλάδα.
|9 109827
|
| 700 |
|
|
|a Καζάκος, Ιωάννης
|9 133369
|e συγγραφέας.
|
| 700 |
|
|
|a Σγουράκη, Ερασμία
|9 17224
|e συγγραφέας.
|
| 700 |
1 |
|
|a Κωνσταντοπούλου, Μαρία
|9 56083
|e συγγραφέας.
|
| 830 |
|
0 |
|a Μελέτες για την αγροτική οικονομία (Αγροτική Τράπεζα Ελλάδος)
|v 7
|9 165037
|
| 942 |
|
|
|2 ddc
|c BK
|
| 952 |
|
|
|0 0
|1 0
|2 ddc
|4 0
|6 338_149000000000000_5_ΠΑΠ
|7 0
|9 385887
|a LISP
|b LISP
|c DON
|d 2024-12-18
|e ΠΑΝ
|i 096855
|l 0
|o 338.149 5 ΠΑΠ
|p 025000158192
|r 0000-00-00 00:00:00
|t 1
|w 2024-12-18
|y BKN
|
| 999 |
|
|
|c 224086
|d 224086
|